15 Największych miast województwa Śląskiego na mapie - Statystyki

Ogólne statystyki
  • Ten quiz został rozwiązany 40 razy
  • Średni wynik to 13 z 15
Odpowiedzi na mapie
Odpowiedzi zakodowano w zielono-czerwonej skali na mapie do tego quizu, zgodnie z poniższymi procentami.
 
Statystyki odpowiedzi
Miasto Populacja % Poprawnych
Katowice 280k
100%
Częstochowa 205k
97%
Gliwice 170k
94%
Zabrze 155k
94%
Bielsko-Biała 165k
91%
Chorzów 100k
91%
Rybnik 130k
91%
Sosnowiec 190k
91%
Tychy 120k
88%
Bytom 150k
81%
Ruda Śląska 130k
81%
Dąbrowa Górnicza 115k
78%
Mysłowice 70k
75%
Jaworzno 85k
72%
Jastrzębie-Zdrój 80k
69%
Nie znaleziono quizów pasujących do podanych kryteriów
Rozkład punktacji
Procent ludzi z każdym wynikiem
Percentyl według liczby udzielonych odpowiedzi
Twoja historia wyników
Nie rozwiązałeś tego quizu